000 00734nam a22002297a 4500
005 20240910143208.0
010 _aENG-123040 ENG-141715
020 _a9789381574331
_c1500.00
035 _aEN-106572
035 _aEN-125247
037 _bDBAD/PUB
082 _a954.02
245 _aTHE TABAQAT-I-AKBARI:
_bOf Khwajah Nizamuddin Ahmad /
_cTransalted. by B.DE
260 _aKolkata
_bThe Asiatic Society
_c2011
270 _a1 Park Street
_bKolkata
_e700016
300 _avol. I & II (xvii, 840p)
_c24cm(Hb)
300 _a921p.
_c24cm(Hb)
490 _aBibliotheca indica series no. 225
_vVol 1,Vol 2 Vol 3
500 _aIt include index
700 _aB.DE
_eTransalted
_971406
942 _2ddc
_cEN
_h954.02
_mTAB
999 _c152106
_d152106